Madonna - Deeper and Deeper - Lyrics - Statistics

General Stats
  • This quiz has been taken 18 times
  • The average score is 437 of 499
Answer Stats
Answer % Correct
all
100%
All
100%
and
100%
And
100%
be
100%
can
100%
can't
100%
Deeper
100%
deeper
100%
fall
100%
falling
100%
Falling
100%
father
100%
further
100%
go
100%
help
100%
I
100%
in
100%
know
100%
let
100%
Let
100%
love
100%
mama
100%
me
100%
my
100%
Sweeter
100%
sweeter
100%
the
100%
The
100%
to
100%
told
100%
you
100%
You
100%
Daddy
91%
get
91%
gonna
91%
I'm
91%
Not
91%
not
91%
that
91%
That's
91%
there
91%
They
91%
they
91%
what
91%
with
91%
your
91%
above
82%
always
82%
couldn't
82%
do
82%
find
82%
from
82%
heart
82%
heaven
82%
it
82%
just
82%
more
82%
said
82%
Then
82%
When
82%
why
82%
wrong
82%
anything
73%
away
73%
feeling
73%
head
73%
is
73%
little
73%
mold
73%
never
73%
Never
73%
romance
73%
Round
73%
round
73%
sent
73%
sing
73%
things
73%
this
73%
This
73%
you'll
73%
back
64%
But
64%
coming
64%
flow
64%
have
64%
inside
64%
like
64%
made
64%
slip
64%
again
55%
body
55%
dead
55%
explain
55%
fair
55%
got
55%
Kisses
55%
most
55%
Someone
55%
song
55%
Think
55%
up
55%
believed
45%
hold
45%
I'd
45%
move
45%
music
45%
notes
45%
she
45%
try
45%
will
45%
You're
45%
better
36%
end
36%
instead
36%
keep
36%
learn
36%
nothing
36%
of
36%
remind
36%
was
36%
alive
27%
remembering
27%
there's
27%
bring
18%
pretend
18%
hide
9%
No matching quizzes found
Score Distribution
Percent of People with Each Score
Percentile by Number Answered
Your Score History
You have not taken this quiz